<?xml version="1.0" encoding="UTF-8"?>
<record
    xmlns:xsi="http://www.w3.org/2001/XMLSchema-instance"
    xsi:schemaLocation="http://www.loc.gov/MARC21/slim http://www.loc.gov/standards/marcxml/schema/MARC21slim.xsd"
    xmlns="http://www.loc.gov/MARC21/slim">

  <leader>02617nam a2200361uu 4500</leader>
  <controlfield tag="001">1460860</controlfield>
  <controlfield tag="005">20260508091019.0</controlfield>
  <controlfield tag="007">co|||||||</controlfield>
  <controlfield tag="008">170222s2017                        spa  </controlfield>
  <datafield tag="035" ind1=" " ind2=" ">
    <subfield code="a">1460860</subfield>
  </datafield>
  <datafield tag="040" ind1=" " ind2=" ">
    <subfield code="c">comduadb</subfield>
  </datafield>
  <datafield tag="041" ind1=" " ind2=" ">
    <subfield code="a">spa</subfield>
  </datafield>
  <datafield tag="080" ind1=" " ind2=" ">
    <subfield code="a">Q/CD</subfield>
  </datafield>
  <datafield tag="082" ind1=" " ind2="4">
    <subfield code="a">361</subfield>
  </datafield>
  <datafield tag="100" ind1="1" ind2="0">
    <subfield code="a">Castro Ospina, Ver&#xF3;nica</subfield>
    <subfield code="4">aut</subfield>
    <subfield code="e">aut</subfield>
    <subfield code="9">739013</subfield>
  </datafield>
  <datafield tag="245" ind1="1" ind2="0">
    <subfield code="a">Sistematizaci&#xF3;n de las pr&#xE1;cticas socioeducativas art&#xED;sticas de la corporaci&#xF3;n "Arlequ&#xED;n y Los Juglares" como un aporte a los procesos de empoderamiento pol&#xED;tico de las mujeres afro descendientes v&#xED;ctimas del desplazamiento forzado en el per&#xED;odo 2010-2015</subfield>
  </datafield>
  <datafield tag="260" ind1=" " ind2=" ">
    <subfield code="a">Medell&#xED;n :</subfield>
    <subfield code="b">Autores (as),</subfield>
    <subfield code="c">2017.</subfield>
  </datafield>
  <datafield tag="300" ind1=" " ind2=" ">
    <subfield code="a">1 CD-ROM</subfield>
  </datafield>
  <datafield tag="520" ind1="3" ind2=" ">
    <subfield code="a">"Este trabajo de grado es una sistematizaci&#xF3;n de las pr&#xE1;cticas de la Corporaci&#xF3;n "Arlequ&#xED;n y los Juglares", en ella se realiz&#xF3; la reconstrucci&#xF3;n hist&#xF3;rica de sus 43 a&#xF1;os, la descripci&#xF3;n de sus pr&#xE1;cticas socioeducativas art&#xED;sticas, de los procesos de empoderamiento pol&#xED;tico en las mujeres afro descendientes de Yemay&#xE1;, se analiz&#xF3; los aportes que tienen dichas pr&#xE1;cticas a estos procesos y se cualific&#xF3; la misma, para esto, se realizaron una serie de t&#xE9;cnicas interactivas como la l&#xED;nea del tiempo, un sociodrama, pens&#xE1;ndonos a "Arlequ&#xED;n y los Juglares", observaci&#xF3;n participante y no participante y entrevistas semiestructuradas. Esta experiencia permiti&#xF3; identificar el papel transformador que tiene la educaci&#xF3;n social y el arte, as&#xED; mismo, evidenciar como &#xE9;stos aportan a procesos de empoderamiento pol&#xED;tico en los sujetos a trav&#xE9;s de espacios de di&#xE1;logo, reflexi&#xF3;n, creaci&#xF3;n y problematizaci&#xF3;n de sus realidades y en clave del proceso vivido, se visibiliz&#xF3; que &#xE9;ste transciende la concepci&#xF3;n tradicional, ya que de acuerdo a la experiencia de las mujeres de Yemay&#xE1;, tambi&#xE9;n se refiere a la toma de la palabra y la toma de decisiones, a su participaci&#xF3;n en escenarios pol&#xED;ticos y sociales e igualmente en su vida cotidiana y su hogar."</subfield>
  </datafield>
  <datafield tag="650" ind1=" " ind2=" ">
    <subfield code="a">Pedagog&#xED;a social</subfield>
    <subfield code="9">94402</subfield>
  </datafield>
  <datafield tag="650" ind1=" " ind2=" ">
    <subfield code="a">Transformaci&#xF3;n social</subfield>
    <subfield code="9">192998</subfield>
  </datafield>
  <datafield tag="650" ind1=" " ind2=" ">
    <subfield code="a">Mujeres afrodescendientes</subfield>
    <subfield code="9">206319</subfield>
  </datafield>
  <datafield tag="650" ind1=" " ind2="7">
    <subfield code="a">Arte y sociedad</subfield>
    <subfield code="2">lemb</subfield>
    <subfield code="9">140</subfield>
  </datafield>
  <datafield tag="650" ind1=" " ind2=" ">
    <subfield code="a">Pr&#xE1;cticas art&#xED;sticas pedag&#xF3;gicas</subfield>
    <subfield code="9">188196</subfield>
  </datafield>
  <datafield tag="650" ind1=" " ind2="7">
    <subfield code="a">Educaci&#xF3;n comunitaria</subfield>
    <subfield code="2">lemb</subfield>
    <subfield code="9">10939</subfield>
  </datafield>
  <datafield tag="700" ind1="1" ind2="0">
    <subfield code="a">Garc&#xED;a Echeverri, Katherine</subfield>
    <subfield code="4">aut</subfield>
    <subfield code="e">aut</subfield>
    <subfield code="9">744766</subfield>
  </datafield>
  <datafield tag="700" ind1="1" ind2="0">
    <subfield code="a">Ortiz Roldan, Sebasti&#xE1;n</subfield>
    <subfield code="4">aut</subfield>
    <subfield code="e">aut</subfield>
    <subfield code="9">749295</subfield>
  </datafield>
  <datafield tag="700" ind1="1" ind2="0">
    <subfield code="a">Ospina Otavo, Viviana Yanet</subfield>
    <subfield code="4">ths</subfield>
    <subfield code="e">ths</subfield>
    <subfield code="9">561623</subfield>
  </datafield>
  <datafield tag="856" ind1="4" ind2=" ">
    <subfield code="u">https://bibliotecadigital.udea.edu.co/handle/10495/13952</subfield>
  </datafield>
  <datafield tag="942" ind1=" " ind2=" ">
    <subfield code="c">TESIS</subfield>
  </datafield>
  <datafield tag="999" ind1=" " ind2=" ">
    <subfield code="c">753808</subfield>
    <subfield code="d">753808</subfield>
  </datafield>
  <datafield tag="502" ind1=" " ind2=" ">
    <subfield code="b">107</subfield>
    <subfield code="c">12</subfield>
  </datafield>
  <datafield tag="526" ind1=" " ind2=" ">
    <subfield code="a">108</subfield>
  </datafield>
  <datafield tag="952" ind1=" " ind2=" ">
    <subfield code="0">0</subfield>
    <subfield code="1">0</subfield>
    <subfield code="4">0</subfield>
    <subfield code="7">0</subfield>
    <subfield code="8">TESDIGBC</subfield>
    <subfield code="a">BC</subfield>
    <subfield code="b">BC</subfield>
    <subfield code="d">2017-02-22</subfield>
    <subfield code="e">Material adquirido por donaci&#xF3;n</subfield>
    <subfield code="i">C1258560</subfield>
    <subfield code="l">0</subfield>
    <subfield code="o">361.8 C355s CD-ROM</subfield>
    <subfield code="p">1020584</subfield>
    <subfield code="r">2023-05-03 00:00:00</subfield>
    <subfield code="t">1</subfield>
    <subfield code="w">2023-05-03</subfield>
    <subfield code="y">DIGITAL</subfield>
  </datafield>
  <datafield tag="952" ind1=" " ind2=" ">
    <subfield code="0">0</subfield>
    <subfield code="1">0</subfield>
    <subfield code="4">0</subfield>
    <subfield code="7">0</subfield>
    <subfield code="8">DIGITAL</subfield>
    <subfield code="a">CISH</subfield>
    <subfield code="b">CISH</subfield>
    <subfield code="d">2017-05-09</subfield>
    <subfield code="e">Material adquirido por donaci&#xF3;n</subfield>
    <subfield code="i">C1261859</subfield>
    <subfield code="l">0</subfield>
    <subfield code="o">Q/CD-12118</subfield>
    <subfield code="p">15987678</subfield>
    <subfield code="r">2023-05-03 00:00:00</subfield>
    <subfield code="t">2</subfield>
    <subfield code="w">2023-05-03</subfield>
    <subfield code="y">DIGITAL</subfield>
  </datafield>
</record>
